000 00665nam a22002412i 4500
999 _c6103
_d6103
001 6103
003 BD-JhCC
005 20220829134022.0
008 860101s1965 xxk 000 0 eng d
035 _a(BD-JhCC)6103
040 _aUKM
_cUKM
_dEQO
_dBD-JhCC
041 _aeng
082 _a821.08
_218
100 1 _aHerrick, Robert,
_d1591-1674.
245 1 4 _aThe poems of Robert Herrick /
_cedited by L. C. Martin
260 _aLondon ;
_c1965 .
_bOxford University Press :
300 _a478 p. ;
_c23 cm,
490 1 _aOxford standard authors
504 _aIncludes Index
650 _aEnglish Poetry
830 0 _aOxford standard authors
942 _2ddc
_cBK
_01